latinski vježba - Statistics

General Stats
  • This quiz has been taken 23 times
  • The average score is 19 of 60
Answer Stats
Hint Answer % Correct
bog deus i m
100%
ploviti navigo 1
80%
djevojka puella ae f
80%
dati do 1
75%
božica dea ae f
67%
imati habeo 2
67%
domovina patria ae f
67%
pjesnik poeta ae m
67%
pjevati canto 1
60%
grk graeceus i m
60%
stroj machina ae f
60%
loš, zao malus 3
60%
nov novus 3
60%
kraljevati regno 1
60%
doći venio 4
60%
voditi duco 3
50%
otkriti invenio 4
50%
prvi primus 3
50%
prijatelj amicus i m
40%
slavan clarus 3
40%
sreća fortuna ae f
40%
kćer filia ae f
40%
bacan iactatus 3
40%
drven ligneus 3
40%
nesreća miseria ae f
40%
spremati paro 1
40%
vrata porta ae f
40%
bitka pugna ae f
40%
troja troia ae f
40%
trojanac troianus i m
40%
vjerovati credo 3
33%
veseo laetus 3
33%
dužnost officium ii n
33%
ukrašavati orno 1
33%
pun plenus 3
33%
dječak puer eri m
33%
biti sum esse fui
33%
sin filius ii m
25%
mnogi multus 3
25%
svet sacer cra crum
25%
zemlja terra ae f
25%
pobijediti vinco 3
25%
graditi aedifico 1
20%
oružje arma orum n
20%
stajati insto 1
20%
ući intro 1
20%
brak matrimonium ii n
20%
rušenje ruina ae f
20%
sjajan splendidus 3
17%
zaručnica sponsa ae f
17%
utroba uterum i n
17%
primiti accipio 3
0%
naoružan armatus 3
0%
lukavstvo astutia ae f
0%
životinja bestia ae f
0%
vikati clamo 1
0%
oplakivati deploro 1
0%
proždirati devero 1
0%
otvoriti dilato 1
0%
dar donum i n
0%
provaliti erumpo 3
0%
stanovnik incola ae m
0%
nesvjestan inscius 3
0%
ljutnja ira ae f
0%
jadan miser era erum
0%
slušati koga oboedio 4
0%
obala ora ae f
0%
potomci posteri orum m
0%
svet sacratus 3
0%
postaviti sisto 3
0%
zvoniti sono 1
0%
zaustaviti se subsisto 3
0%
opustošiti vasto 1
0%
No matching quizzes found
Score Distribution
Percent of People with Each Score
Percentile by Number Answered
Your Score History
You have not taken this quiz